Allies of the USA and UK - Statistics

General Stats
  • This quiz has been taken 378 times
  • The average score is 32 of 48
Answer Stats
Hint Answer % Correct
West of UK Ireland
94%
Europe France
89%
Europe Germany
87%
Europe Spain
87%
N.America Canada
86%
Europe Portugal
84%
Europe Norway
82%
Europe Sweden
82%
Europe Finland
81%
Europe Belgium
79%
Europe Greece
79%
Europe Netherlands
79%
Oceania Australia
78%
Europe Poland
77%
Asia Minor Turkey
77%
Oceania New Zealand
76%
S.America Brazil
75%
Europe Denmark
75%
Africa South Africa
74%
Europe Austria
73%
Europe Estonia
73%
Europe Latvia
73%
Europe Czechia
72%
Europe Lithuania
71%
Europe Slovenia
70%
S.America Argentina
69%
S.America Chile
69%
Europe Croatia
68%
Europe Luxembourg
68%
Europe Romania
68%
Europe Bulgaria
67%
Asia India
66%
Europe Hungary
65%
Europe Switzerland
62%
Europe Albania
61%
Europe Bosnia
57%
Europe Montenegro
56%
Asia Minor Cyprus
55%
Europe Macedonia
45%
Africa Kenya
44%
Next to USA Bahamas
42%
Asia Singapore
42%
Asia Malaysia
38%
Africa Namibia
33%
Africa Tanzania
33%
Africa Botswana
32%
Africa Tunisia
32%
Not actually a country, more of a region The Caribbean
10%
No matching quizzes found
Score Distribution
Percent of People with Each Score
Percentile by Number Answered
Your Score History
You have not taken this quiz